Biblioteca

Con sed por lo sagrado : (Registro nro. 71288)

Detalles MARC
000 -LÍDER
Campo fijo de descripción fija 02129cam a2200433 i 4500
001 - NÚMERO DE CONTROL
Campo de control 768714001
003 - IDENTIFICADOR DEL NÚMERO DE CONTROL
Campo de control CO-MdFUSB
005 - FECHA Y HORA DE LA ULTIMA TRANSACCIÓN
control field 20260429153943.0
007 - CAMPO FIJO DE DESCRIPCIÓN FIJA--INFORMACIÓN GENERAL
Campo fijo de descripción fija ta
008 - ELEMENTOS DE LONGITUD FIJA -- INFORMACIÓN GENERAL
Campo fijo de descripción fija -- Información general 221029t2017 ec ||||| |||| 001 0 spa d
020 ## - NÚMERO INTERNACIONAL NORMALIZADO PARA LIBROS
Número Internacional Normalizado del libro 978-9942-949-12-7
040 ## - FUENTE DE CATALOGACIÓN
Idioma de catalogación spa.
Agencia de catalogación original CO-MdFUSB
Agencia que realiza la transcripción CO-MdFUSB
Agencia que realiza la modificación CO-MdFUSBC
Convenciones de la descripción rda
041 ## - CÓDIGO DE IDIOMA
Código de idioma para texto/pista de sonido o título separado spa
082 04 - NÚMERO DE CLASIFICACIÓN DECIMAL DEWEY
Número de la edición del Dewey 23
Número de clasificación 284
Clave de autor-Numero de item R616
100 ## - ASIENTO PRINCIPAL--NOMBRE PERSONAL
Nombre personal Rivadeneira, Ronald
Término relacionador autor
245 10 - TÍTULO
Título del Material Con sed por lo sagrado :
Parte restante del título - Subtitulo hacia una reforma en la Iglesia Evangélica Ecuatoriana. Recursos para la reflexión y la acción
Mención de responsabilidad, etc. / Ronald Rivadeneira , Wilmer Simbaña , Eduardo Vega , Mauricio Carpio ; compilado y dirigido por Iván Balarezo
264 #1 - PRODUCCIÓN, PUBLICACIÓN, DISTRIBUCIÓN, MANUFACTURA, Y COPYRIGHT
Nombre del productor, publicador, distribuidor Sociedades Bíblicas Unidas en Ecuador,
Lugar de producción, publicación, distribución, manufactura Quito, Ecuador :
Fecha de producción, publicación, distribución, manufactura, o copyright [2017]
264 #4 - PRODUCCIÓN, PUBLICACIÓN, DISTRIBUCIÓN, MANUFACTURA, Y COPYRIGHT
Fecha de producción, publicación, distribución, manufactura, o copyright ©2017
300 ## - DESCRIPCIÓN FÍSICA
Extensión 78 páginas
Dimensiones ; 21 cm
336 ## - TIPO DE CONTENIDO
Fuente rdacontent
Término de tipo de contenido texto
Código de tipo de contenido txt
337 ## - TIPO DE MEDIO
Fuente rdamedia
Nombre del tipo de medio sin mediación
Código del tipo de medio n
338 ## - TIPO DE SOPORTE
Fuente rdacarrier
Nombre del tipo de soporte volumen
Código Tipo de soporte nc
500 ## - NOTA GENERAL
Nota General Incluye índice general.
505 ## - NOTA DE CONTENIDO
Nota de contenido con formato preestablecido Un contexto necesario: ¿por qué hace falta una nueva reforma en las iglesias evangélicas hoy? -- El liderazgo evangélico actual: ¿a dónde vamos? -- La iglesia-empresa: ¿qué vendrá luego? -- La importancia de la educación cristiana en la construcción de la fe -- El cerco de la denominación -- Discursos y dispositivos de dominación e iglesia -- Supersticiones y fetiches en la fe -- Con la mirada en el cielo, pero con los pies en la tierra -- La centralidad de la Biblia en el culto -- ¿Sal de la sociedad o gueto religioso?: el desafío de la incidencia social -- Cuidado de la creación y fe.
563 ## - NOTA DE ENCUADERNACIÓN
Nota de encuadernación Rústico
650 #0 - ASIENTO SECUNDARIO DE MATERIA - TERMINO TEMÁTICO
Término temático o nombre geográfico como elemento de entrada Reforma de la iglesia
9 (RLIN) 958
650 #0 - ASIENTO SECUNDARIO DE MATERIA - TERMINO TEMÁTICO
Término temático o nombre geográfico como elemento de entrada Historia de la Iglesia
9 (RLIN) 153
653 ## - TÉRMINO DE INDIZACIÓN - NO CONTROLADO
Término no controlado Iglesia Evangélica – Ecuador
653 ## - TÉRMINO DE INDIZACIÓN - NO CONTROLADO
Término no controlado Liderazgo cristiano
653 ## - TÉRMINO DE INDIZACIÓN - NO CONTROLADO
Término no controlado Reforma de la Iglesia
653 ## - TÉRMINO DE INDIZACIÓN - NO CONTROLADO
Término no controlado Iglesia y sociedad
653 ## - TÉRMINO DE INDIZACIÓN - NO CONTROLADO
Término no controlado Educación cristiana
700 ## - ASIENTO SECUNDARIO - NOMBRE PERSONAL
Nombre personal Simbaña, Wilmer
9 (RLIN) 11370
Responsabilidad autor
700 ## - ASIENTO SECUNDARIO - NOMBRE PERSONAL
Nombre personal Vega, Eduardo
9 (RLIN) 11371
Responsabilidad autor
700 ## - ASIENTO SECUNDARIO - NOMBRE PERSONAL
Nombre personal Carpio, Mauricio
9 (RLIN) 11372
Responsabilidad autor
700 ## - ASIENTO SECUNDARIO - NOMBRE PERSONAL
Nombre personal Balarezo, Iván
9 (RLIN) 11239
Responsabilidad compilador
942 ## - TIPO DE MATERIAL (KOHA)
Tipo de Item KOHA Libros General
945 ## - INFORMACIÓN LOCAL DEL REGISTRO
Catalogador Catherine Arias Alvarez
Existencias
Estado de Material Estado de Perdido Forma de Clasificación Estado de Dañado No para Préstamo Colección Tomo Biblioteca de Origen Biblioteca Permanente Fecha de Adquisición Área Total de Préstamos Signatura Topográfica Código de Barras Última vez visto Ejemplar/Existencia Fecha de Remplazo Tipo de Material
    Dewey Decimal Classification     Colección General   Biblioteca FUSBC Biblioteca FUSBC 18/04/2025 HISTORIA DEL CRISTIANISMO   G 284 R616c 25343 18/04/2025 Ej. 1 18/04/2025 Libros General

Biblioteca FUSBC | Teléfono: (57+4) 349 88 10 Ext. 141| WhatsApp (+57) 3005338115 
E-mail: biblioteca@unisbc.edu.co | Calle 76 87-14 Robledo Palenque, Medellín, Colombia

Con tecnología Koha